[Event "Anapa Sea Harbor Cup Blitz"]
[Site "Anapa"]
[Date "2021.06.13"]
[Round "11"]
[White "Gabrielian, Artur"]
[Black "Grigoryan, Artur"]
[Result "1-0"]
[WhiteElo "2456"]
[BlackElo "2144"]
[PlyCount "32"]
[EventDate "2021.06.13"]
[EventType "swiss (blitz)"]
[EventRounds "13"]
[EventCountry "RUS"]
[SourceTitle "CBM 202 Extra"]
[Source "ChessBase"]
[SourceDate "2021.07.31"]
[SourceVersion "1"]
[SourceVersionDate "2021.07.31"]
[SourceQuality "1"]

1. e4 e6 2. d3 d5 3. Qe2 dxe4 4. dxe4 e5 5. Nf3 Nc6 6. c3 Nf6 7. Bg5 Be7 8. Nbd2 Be6 9. Qb5 Nd7 10. Bxe7 Nxe7 11. Bc4 Bxc4 12. Nxc4 c6 13. Nd6+ Kf8 14. Qb3 Nd5 15. Nxb7 Qb6 16. exd5 Ke8 1-0

[Event "Gorodovikovsk Bashanta"]
[Site "Gorodovikovsk"]
[Date "2016.??.??"]
[Round "7"]
[White "Grigoryan, Artur"]
[Black "Begjanyan, Hrayr"]
[Result "0-1"]
[WhiteElo "2209"]
[BlackElo "2099"]
[PlyCount "52"]
[EventDate "2016.03.15"]
[EventType "tourn"]
[EventRounds "14"]
[EventCountry "RUS"]
[EventCategory "3"]
[SourceTitle "CBM 171 Extra"]
[Source "ChessBase"]
[SourceDate "2016.04.26"]
[SourceVersion "1"]
[SourceVersionDate "2016.04.26"]
[SourceQuality "1"]

1. e4 d5 2. exd5 Nf6 3. d4 Nxd5 4. c4 Nb4 5. Qa4+ N8c6 6. d5 b5 7. cxb5 Nd4 8. Na3 e5 9. dxe6 Bxe6 10. Be3 Qh4 11. b6+ c6 12. b7 Rd8 13. 0-0-0 Qe4 14. Rxd4 Nxa2+ 15. Kd1 Bb3+ 16. Qxb3 Rxd4+ 17. Bxd4 Qxd4+ 18. Bd3 Bd6 19. b8Q+ Bxb8 20. Qxb8+ Ke7 21. Qc7+ Kf8 22. Kc2 Nb4+ 23. Kb3 Nxd3 24. Qc8+ Ke7 25. Qb7+ Kf8 26. Ka2 Nb4+ 0-1

[Event "Gorodovikovsk Bashanta"]
[Site "Gorodovikovsk"]
[Date "2016.??.??"]
[Round "2"]
[White "Moroz, Roman"]
[Black "Grigoryan, Artur"]
[Result "1-0"]
[WhiteElo "2375"]
[BlackElo "2209"]
[PlyCount "73"]
[EventDate "2016.03.15"]
[EventType "tourn"]
[EventRounds "14"]
[EventCountry "RUS"]
[EventCategory "3"]
[SourceTitle "CBM 171 Extra"]
[Source "ChessBase"]
[SourceDate "2016.04.26"]
[SourceVersion "1"]
[SourceVersionDate "2016.04.26"]
[SourceQuality "1"]

1. e4 c5 2. Nf3 d6 3. d4 cxd4 4. Nxd4 Nf6 5. Nc3 a6 6. a4 g6 7. Be2 Bg7 8. Be3 0-0 9. 0-0 Nc6 10. f4 Nd7 11. Nf3 b6 12. Bc4 Bb7 13. Qe2 Na5 14. Bd5 Qc7 15. Bxb7 Qxb7 16. Nd2 Rac8 17. Nd5 Rfe8 18. c3 Nc5 19. Bf2 e6 20. Nb4 Rcd8 21. Rfe1 Nab3 22. Nxb3 Nxb3 23. Rad1 Nc5 24. Bxc5 dxc5 25. Qxa6 Qxa6 26. Nxa6 Rxd1 27. Rxd1 Ra8 28. Nc7 Rxa4 29. Rd8+ Bf8 30. Ne8 c4 31. Nd6 Kg7 32. Rd7 Ra1+ 33. Kf2 Rb1 34. Nxc4 b5 35. Ne5 Rxb2+ 36. Kf3 b4 37. Rxf7+ 1-0

[Event "Gorodovikovsk Bashanta"]
[Site "Gorodovikovsk"]
[Date "2016.??.??"]
[Round "5"]
[White "Vlasenko, Alexey"]
[Black "Grigoryan, Artur"]
[Result "1-0"]
[WhiteElo "2398"]
[BlackElo "2209"]
[PlyCount "57"]
[EventDate "2016.03.15"]
[EventType "tourn"]
[EventRounds "14"]
[EventCountry "RUS"]
[EventCategory "3"]
[SourceTitle "CBM 171 Extra"]
[Source "ChessBase"]
[SourceDate "2016.04.26"]
[SourceVersion "1"]
[SourceVersionDate "2016.04.26"]
[SourceQuality "1"]

1. d4 Nf6 2. c4 g6 3. Nc3 Bg7 4. e4 d6 5. h3 0-0 6. Be3 e5 7. d5 Ne8 8. g4 f5 9. gxf5 gxf5 10. exf5 Bxf5 11. Bd3 Nd7 12. Bxf5 Rxf5 13. Qg4 Rf7 14. Nge2 Kh8 15. 0-0-0 Nef6 16. Qh4 Nf8 17. Rhg1 Qd7 18. Rg2 Qf5 19. Rdg1 N8d7 20. Ng3 Qd3 21. Nh5 Nxh5 22. Qxh5 Raf8 23. Rxg7 Rxg7 24. Rxg7 Kxg7 25. Qg4+ Kh8 26. Qxd7 Qxc4 27. Qe7 Rg8 28. Qf6+ Rg7 29. Bh6 1-0

[Event "Elista Spring Rating"]
[Site "Elista"]
[Date "2014.03.26"]
[Round "1"]
[White "Grigoryan, Artur"]
[Black "Pataev, Adyan"]
[Result "1/2-1/2"]
[WhiteElo "2235"]
[BlackElo "1912"]
[PlyCount "73"]
[EventDate "2014.03.26"]
[EventType "swiss"]
[EventRounds "9"]
[EventCountry "RUS"]
[SourceTitle "EXT 2022"]
[Source "ChessBase"]
[SourceDate "2021.10.06"]
[SourceVersion "1"]
[SourceVersionDate "2021.10.06"]
[SourceQuality "1"]

1. c4 e6 2. e4 d5 3. d4 dxe4 4. Nc3 Nf6 5. g3 b6 6. Bg2 Bb7 7. Nge2 h6 8. 0-0 c5 9. Be3 cxd4 10. Nxd4 Bc5 11. b4 Be7 12. Qc2 Qc8 13. Nxe4 Nxe4 14. Bxe4 0-0 15. Rab1 Na6 16. Bxb7 Qxb7 17. a3 Rac8 18. Qe2 Bf6 19. Rfc1 Rfd8 20. Nb5 Nc7 21. Nc3 Bxc3 22. Rxc3 Nd5 23. Rcc1 Nxe3 24. Qxe3 Qc6 25. c5 bxc5 26. Rxc5 Qb7 27. Rbc1 Rxc5 28. Qxc5 Qf3 29. Qxa7 Rd1+ 30. Rxd1 Qxd1+ 31. Kg2 Qd5+ 32. f3 Qa2+ 33. Kh3 Qd5 34. Qe3 g5 35. Qc3 f5 36. a4 Qd1 37. Kg2 1/2-1/2

[Event "Elista-ch"]
[Site "Elista"]
[Date "2014.01.03"]
[Round "3"]
[White "Borisov, Sergey M"]
[Black "Grigoryan, Artur"]
[Result "1/2-1/2"]
[WhiteElo "2091"]
[BlackElo "2256"]
[PlyCount "29"]
[EventDate "2014.01.03"]
[EventType "swiss"]
[EventRounds "9"]
[EventCountry "RUS"]
[SourceTitle "CBM 158 Extra"]
[Source "ChessBase"]
[SourceDate "2014.02.28"]
[SourceVersion "1"]
[SourceVersionDate "2014.02.28"]
[SourceQuality "1"]

1. Nf3 Nf6 2. d4 e6 3. c4 d5 4. e3 c6 5. Bd3 Be7 6. 0-0 0-0 7. Nc3 Nbd7 8. e4 dxe4 9. Nxe4 Nxe4 10. Bxe4 Nf6 11. Bc2 c5 12. dxc5 Bxc5 13. Bg5 Be7 14. Qxd8 Rxd8 15. Rad1 1/2-1/2

[Event "Pyatigorsk Stavropol op"]
[Site "Pyatigorsk"]
[Date "2012.09.25"]
[Round "7"]
[White "Grigoryan, Artur"]
[Black "Kruchev, Boris"]
[Result "1/2-1/2"]
[WhiteElo "2366"]
[BlackElo "2240"]
[PlyCount "42"]
[EventDate "2012.09.19"]
[EventType "swiss"]
[EventRounds "9"]
[EventCountry "RUS"]
[SourceTitle "EXT 2013"]
[Source "ChessBase"]
[SourceDate "2012.11.22"]
[SourceVersion "1"]
[SourceVersionDate "2012.11.22"]
[SourceQuality "1"]

1. e4 e5 2. Nf3 Nc6 3. Bb5 a6 4. Bxc6 dxc6 5. d3 Bd6 6. 0-0 Ne7 7. Be3 0-0 8. Nbd2 c5 9. c3 b6 10. Qc2 Ng6 11. Rad1 Be6 12. d4 Qe7 13. Rfe1 f6 14. Nb3 cxd4 15. cxd4 Kh8 16. Nbd2 Rfe8 17. d5 Bd7 18. h3 Rec8 19. Nc4 b5 20. Nxd6 cxd6 21. Qd3 Qf8 1/2-1/2

[Event "Pyatigorsk Stavropol op"]
[Site "Pyatigorsk"]
[Date "2012.09.22"]
[Round "4"]
[White "Dementiev, Aleksandr Evgenievi"]
[Black "Grigoryan, Artur"]
[Result "1/2-1/2"]
[WhiteElo "2121"]
[BlackElo "2366"]
[PlyCount "155"]
[EventDate "2012.09.19"]
[EventType "swiss"]
[EventRounds "9"]
[EventCountry "RUS"]
[SourceTitle "EXT 2013"]
[Source "ChessBase"]
[SourceDate "2012.11.22"]
[SourceVersion "1"]
[SourceVersionDate "2012.11.22"]
[SourceQuality "1"]

1. d4 Nf6 2. c4 g6 3. Nf3 Bg7 4. Bf4 d6 5. h3 0-0 6. Nc3 c5 7. e3 Nc6 8. d5 Nb4 9. a3 Na6 10. Bd3 Qa5 11. 0-0 Nh5 12. Bg5 Re8 13. g4 Nf6 14. Bf4 h5 15. Nh2 Nc7 16. b4 cxb4 17. axb4 Qxb4 18. Qc2 Na6 19. Rfb1 Qc5 20. g5 Nd7 21. Na4 Qc7 22. Bxg6 fxg6 23. Qxg6 Rf8 24. Qxh5 Ne5 25. Bxe5 Bxe5 26. g6 Bxh2+ 27. Kxh2 e5 28. g7 Rxf2+ 29. Kg1 Qxg7+ 30. Kxf2 Qf7+ 31. Qxf7+ Kxf7 32. c5 dxc5 33. Kg3 b6 34. Nc3 Nb4 35. Rf1+ Kg7 36. Kh2 Bb7 37. Rg1+ Kh7 38. e4 Nd3 39. Nb5 a5 40. Nd6 Ba6 41. Nf5 Rg8 42. Rxg8 Kxg8 43. Rg1+ Kf7 44. d6 Bb5 45. Rg7+ Ke8 46. h4 Nf4 47. Rb7 Bc6 48. Rxb6 Bxe4 49. Ng3 Bd3 50. Kg1 c4 51. Kf2 Kd7 52. h5 c3 53. Ke3 c2 54. Kd2 Nd5 55. Rb7+ Kxd6 56. h6 Nf6 57. Ra7 Nd7 58. Rxa5 Nc5 59. Ra3 Ke6 60. Rc3 Kd5 61. Ne2 Bg6 62. Rxc2 Ne4+ 63. Ke3 Nf6 64. Ra2 Ke6 65. Kf3 Kf5 66. Ng3+ Kg5 67. Rh2 e4+ 68. Ke2 Kg4 69. Nf1 Kg5 70. Ne3 Bh5+ 71. Kd2 Kxh6 72. Kc3 Kg5 73. Kd4 Bf3 74. Ra2 Nh5 75. Ra5+ Kh4 76. Ra8 Nf4 77. Rg8 Ne2+ 78. Ke5 1/2-1/2

[Event "Pyatigorsk Stavropol op"]
[Site "Pyatigorsk"]
[Date "2012.09.19"]
[Round "1"]
[White "Grigoryan, Artur"]
[Black "Borisenko, Vladislav"]
[Result "1-0"]
[WhiteElo "2366"]
[BlackElo "1854"]
[PlyCount "75"]
[EventDate "2012.09.19"]
[EventType "swiss"]
[EventRounds "9"]
[EventCountry "RUS"]
[SourceTitle "EXT 2013"]
[Source "ChessBase"]
[SourceDate "2012.11.22"]
[SourceVersion "1"]
[SourceVersionDate "2012.11.22"]
[SourceQuality "1"]

1. e4 c5 2. Nf3 Nc6 3. d3 e6 4. g3 Nf6 5. Bg2 Be7 6. 0-0 0-0 7. Qe2 d5 8. Nbd2 b6 9. e5 Nd7 10. Re1 Bb7 11. Nf1 Qc7 12. c3 Rac8 13. h4 Rfd8 14. h5 Nf8 15. h6 g6 16. N1h2 d4 17. c4 Nd7 18. Ng4 a6 19. Bg5 b5 20. b3 bxc4 21. bxc4 Rb8 22. Qd2 Ba8 23. Bxe7 Nxe7 24. Qg5 Nf5 25. Nd2 Bxg2 26. Kxg2 Rb2 27. Kg1 Rdb8 28. Ne4 Qd8 29. Ngf6+ Nxf6 30. Nxf6+ Kh8 31. g4 Ne7 32. Ne4 Ng8 33. Qxd8 Rxd8 34. Nd6 Rd7 35. Reb1 Re2 36. f4 Re3 37. Rb8 Rxd3 38. Ne8 1-0

[Event "Anapa op"]
[Site "Anapa"]
[Date "2012.09.06"]
[Round "7"]
[White "Grigoryan, Artur"]
[Black "Zhitnikov, Sergey"]
[Result "0-1"]
[WhiteElo "2366"]
[BlackElo "2320"]
[PlyCount "140"]
[EventDate "2012.08.30"]
[EventType "swiss"]
[EventRounds "9"]
[EventCountry "RUS"]
[SourceTitle "CBM 150 Extra"]
[Source "ChessBase"]
[SourceDate "2012.10.19"]
[SourceVersion "1"]
[SourceVersionDate "2012.10.19"]
[SourceQuality "1"]

1. d4 d5 2. Nf3 Nf6 3. g3 Bf5 4. c4 c6 5. Bg2 e6 6. 0-0 Nbd7 7. b3 h6 8. Bb2 Be7 9. Nbd2 0-0 10. Re1 Ne4 11. Nxe4 Bxe4 12. Nd2 Bxg2 13. Kxg2 f5 14. f3 Bb4 15. a3 Bd6 16. e4 fxe4 17. fxe4 Qg5 18. Qe2 Rf7 19. Rf1 Raf8 20. Rxf7 Rxf7 21. Rf1 Rxf1 22. Nxf1 Qg6 23. Nd2 Bf4 24. exd5 exd5 25. Nf3 Bd6 26. Bc1 Kh7 27. Nh4 Qf7 28. Qd3+ Kg8 29. Nf5 Bf8 30. Bf4 Nf6 31. Be5 Ne4 32. Qf3 g6 33. Ne3 Qxf3+ 34. Kxf3 Bxa3 35. cxd5 Nd2+ 36. Ke2 Nxb3 37. dxc6 bxc6 38. d5 cxd5 39. Nxd5 Kf7 40. Bb8 Nd4+ 41. Kd3 Nc6 42. Bf4 g5 43. Bd2 Bd6 44. Ke4 a5 45. Nb6 Ke6 46. Bc3 h5 47. Bd2 g4 48. Na4 Bb4 49. Bf4 Ne7 50. Nb6 Bc5 51. Na4 Bg1 52. Bd2 Nc6 53. Kf4 Kf6 54. Nc3 Nb4 55. Ne2 Bc5 56. Ke4 Bd6 57. Bf4 Bxf4 58. Nxf4 Kg5 59. Ne6+ Kh6 60. Nc5 Nc2 61. Na4 Kg5 62. Nc5 Ne1 63. Ne6+ Kh6 64. Nc5 Kg6 65. Kf4 Nc2 66. Ke4 Kf6 67. Kf4 Nd4 68. Ke4 Nf3 69. h3 Ng5+ 70. Kd4 Ne6+ 0-1

[Event "Anapa op"]
[Site "Anapa"]
[Date "2012.09.03"]
[Round "4"]
[White "Frolov, Ivan"]
[Black "Grigoryan, Artur"]
[Result "1-0"]
[WhiteElo "2237"]
[BlackElo "2366"]
[PlyCount "81"]
[EventDate "2012.08.30"]
[EventType "swiss"]
[EventRounds "9"]
[EventCountry "RUS"]
[SourceTitle "CBM 150 Extra"]
[Source "ChessBase"]
[SourceDate "2012.10.19"]
[SourceVersion "1"]
[SourceVersionDate "2012.10.19"]
[SourceQuality "1"]

1. Nf3 g6 2. g3 Bg7 3. Bg2 d6 4. d4 f5 5. h4 Nf6 6. Bg5 0-0 7. Bxf6 Bxf6 8. h5 g5 9. h6 c5 10. Nc3 g4 11. Nd2 Bxd4 12. Nb3 Bf6 13. Qd2 e6 14. e4 Bg5 15. Qe2 Nc6 16. Rd1 Bf6 17. 0-0 Kh8 18. Nb5 Be5 19. exf5 a6 20. Bxc6 bxc6 21. Qxe5+ dxe5 22. Rxd8 Rxd8 23. Nc7 Ra7 24. Nxe6 Bxe6 25. fxe6 c4 26. Nc5 Re7 27. f4 gxf3 28. Rxf3 Kg8 29. Rf5 e4 30. Kf2 Rd5 31. g4 Rd2+ 32. Ke3 Rd5 33. Nd7 Rexd7 34. exd7 Rxd7 35. Rf6 Rb7 36. b3 cxb3 37. axb3 a5 38. Rxc6 Rb4 39. Ra6 Kf7 40. Rxa5 Kg6 41. g5 1-0

[Event "Anapa op"]
[Site "Anapa"]
[Date "2012.09.02"]
[Round "3"]
[White "Grigoryan, Artur"]
[Black "Mkrtchyan, Artak"]
[Result "1-0"]
[WhiteElo "2366"]
[BlackElo "2082"]
[PlyCount "85"]
[EventDate "2012.08.30"]
[EventType "swiss"]
[EventRounds "9"]
[EventCountry "RUS"]
[SourceTitle "CBM 150 Extra"]
[Source "ChessBase"]
[SourceDate "2012.10.19"]
[SourceVersion "1"]
[SourceVersionDate "2012.10.19"]
[SourceQuality "1"]

1. e4 c6 2. d4 d5 3. e5 c5 4. c3 Nc6 5. Nf3 Bg4 6. Be2 e6 7. 0-0 Nge7 8. Na3 a6 9. Nc2 Nf5 10. Be3 cxd4 11. Bxd4 Bxf3 12. Bxf3 Nfxd4 13. cxd4 Qb6 14. Qd2 Be7 15. Bg4 Rc8 16. b3 0-0 17. f4 Nb4 18. Ne3 Nc6 19. Nc2 Nb4 20. Ne1 g6 21. Kh1 Rc7 22. Bd1 Rfc8 23. g4 Nc6 24. Nf3 Bb4 25. Qd3 Ne7 26. a3 Bc3 27. Ra2 a5 28. Rg2 a4 29. b4 Ba1 30. f5 Rc3 31. Qd2 exf5 32. Qh6 Rxf3 33. Bxf3 Bxd4 34. Qg5 Qe6 35. gxf5 Nxf5 36. Bg4 h6 37. Qd2 Bc3 38. Qd3 Kf8 39. Rxf5 gxf5 40. Bxf5 Qc6 41. Bxc8 Qxc8 42. Qxd5 Qe6 43. Qd8+ 1-0

[Event "Anapa op"]
[Site "Anapa"]
[Date "2012.09.01"]
[Round "2"]
[White "Kopeikin, Yuri"]
[Black "Grigoryan, Artur"]
[Result "0-1"]
[WhiteElo "2127"]
[BlackElo "2366"]
[PlyCount "90"]
[EventDate "2012.08.30"]
[EventType "swiss"]
[EventRounds "9"]
[EventCountry "RUS"]
[SourceTitle "CBM 150 Extra"]
[Source "ChessBase"]
[SourceDate "2012.10.19"]
[SourceVersion "1"]
[SourceVersionDate "2012.10.19"]
[SourceQuality "1"]

1. d4 Nf6 2. c4 e6 3. Nc3 Bb4 4. Qc2 c5 5. e3 Nc6 6. Nf3 0-0 7. Bd3 d5 8. dxc5 Bxc5 9. cxd5 exd5 10. Ne2 Qe7 11. 0-0 Bg4 12. Nfd4 Rfd8 13. Bd2 Rac8 14. Rac1 Ne5 15. Bf5 Bxf5 16. Nxf5 Qd7 17. Ned4 g6 18. Ng3 h5 19. Bc3 h4 20. Nge2 h3 21. f3 hxg2 22. Kxg2 Nc4 23. Be1 Kg7 24. Rd1 Rh8 25. Bg3 Qh3+ 26. Kf2 Rce8 27. Nf4 Qd7 28. Ng2 g5 29. Kg1 Kg8 30. Qc3 Bb6 31. b3 Ne5 32. Qc2 g4 33. fxg4 Nexg4 34. Qf5 Qxf5 35. Rxf5 Kg7 36. Bf4 Rh3 37. Bg5 Ne4 38. Rdf1 f6 39. Nf4 Rhh8 40. Nfe6+ Kg6 41. Nf4+ Kh7 42. Nxd5 fxg5 43. h4 Nxe3 44. Rf7+ Kg6 45. Nxb6 Nxf1 0-1

[Event "Anapa op"]
[Site "Anapa"]
[Date "2012.08.30"]
[Round "1"]
[White "Grigoryan, Artur"]
[Black "Eremeenko, Vladimir"]
[Result "1-0"]
[WhiteElo "2366"]
[BlackElo "1925"]
[PlyCount "45"]
[EventDate "2012.08.30"]
[EventType "swiss"]
[EventRounds "9"]
[EventCountry "RUS"]
[SourceTitle "CBM 150 Extra"]
[Source "ChessBase"]
[SourceDate "2012.10.19"]
[SourceVersion "1"]
[SourceVersionDate "2012.10.19"]
[SourceQuality "1"]

1. e4 d6 2. d4 g6 3. Nc3 Nf6 4. f3 Bg7 5. Be3 c6 6. Qd2 b5 7. g4 h5 8. g5 Nh7 9. f4 0-0 10. Nf3 Bg4 11. Bg2 Qc8 12. Nh4 b4 13. Ne2 Na6 14. Ng3 Bh3 15. f5 Bxg2 16. Qxg2 c5 17. fxg6 fxg6 18. Nxg6 Rf7 19. Nf5 Qe6 20. Nf4 Qc4 21. g6 Rxf5 22. gxh7+ Kxh7 23. exf5 1-0

[Event "Nevinnomyssk"]
[Site "Nevinnomyssk"]
[Date "2012.08.22"]
[Round "8"]
[White "Grigoryan, Artur"]
[Black "Putintsev, Viktor"]
[Result "1-0"]
[WhiteElo "2364"]
[BlackElo "2183"]
[PlyCount "61"]
[EventDate "2012.08.15"]
[EventType "tourn"]
[EventRounds "9"]
[EventCountry "RUS"]
[SourceTitle "CBM 150 Extra"]
[Source "ChessBase"]
[SourceDate "2012.10.19"]
[SourceVersion "1"]
[SourceVersionDate "2012.10.19"]
[SourceQuality "1"]

1. d4 d5 2. Nc3 e6 3. e4 Bb4 4. e5 c5 5. a3 Ba5 6. b4 cxb4 7. Nb5 bxa3+ 8. c3 Bc7 9. Bxa3 Bd7 10. Nd6+ Bxd6 11. Bxd6 Ne7 12. Bd3 Nbc6 13. Qh5 h6 14. Ne2 Nf5 15. Bxf5 exf5 16. Nf4 Ne7 17. Bxe7 Qxe7 18. Nxd5 Qd8 19. Ne3 Qc8 20. 0-0 f4 21. Nd5 Bg4 22. Qh4 Qd7 23. Nb6 Qd8 24. Qxg4 Qxb6 25. Qxg7 0-0-0 26. Qg4+ Qe6 27. Qxf4 Rhg8 28. Rxa7 Rg4 29. Qf3 Rd7 30. Rb1 Rc7 31. Rbxb7 1-0

[Event "Nevinnomyssk"]
[Site "Nevinnomyssk"]
[Date "2012.08.21"]
[Round "7"]
[White "Kuznetsov, Alexander2222"]
[Black "Grigoryan, Artur"]
[Result "1/2-1/2"]
[WhiteElo "2039"]
[BlackElo "2364"]
[PlyCount "69"]
[EventDate "2012.08.15"]
[EventType "tourn"]
[EventRounds "9"]
[EventCountry "RUS"]
[SourceTitle "CBM 150 Extra"]
[Source "ChessBase"]
[SourceDate "2012.10.19"]
[SourceVersion "1"]
[SourceVersionDate "2012.10.19"]
[SourceQuality "1"]

1. d4 d5 2. Nf3 e6 3. Bf4 c6 4. e3 Bd6 5. Bg5 Qb6 6. b3 Nd7 7. Be2 h6 8. Bh4 Ngf6 9. 0-0 Qc7 10. Nbd2 Ne4 11. c4 g5 12. Bg3 Bxg3 13. fxg3 Nxd2 14. Nxd2 0-0 15. Bh5 f5 16. cxd5 cxd5 17. Rc1 Qd6 18. g4 Nf6 19. gxf5 Nxh5 20. Qxh5 exf5 21. Nf3 Bd7 22. Ne5 Be8 23. Qf3 Bb5 24. Rfe1 Bc6 25. Rc5 f4 26. Rec1 fxe3 27. Qxe3 Rac8 28. b4 Bd7 29. Nxd7 Qxd7 30. Qd3 Rxc5 31. Rxc5 Qf5 32. Qxf5 Rxf5 33. Rc8+ Rf8 34. Rxf8+ Kxf8 35. g4 1/2-1/2

[Event "Nevinnomyssk"]
[Site "Nevinnomyssk"]
[Date "2012.08.20"]
[Round "6"]
[White "Grigoryan, Artur"]
[Black "Shadura, Aleksandr"]
[Result "1-0"]
[WhiteElo "2364"]
[BlackElo "1978"]
[PlyCount "33"]
[EventDate "2012.08.15"]
[EventType "tourn"]
[EventRounds "9"]
[EventCountry "RUS"]
[SourceTitle "CBM 150 Extra"]
[Source "ChessBase"]
[SourceDate "2012.10.19"]
[SourceVersion "1"]
[SourceVersionDate "2012.10.19"]
[SourceQuality "1"]

1. d4 d5 2. Nc3 Nf6 3. Bg5 Nbd7 4. Qd3 h6 5. Bxf6 Nxf6 6. 0-0-0 c6 7. f3 Qc7 8. e4 Qf4+ 9. Kb1 dxe4 10. fxe4 Ng4 11. Nh3 Qe3 12. Qc4 e5 13. d5 Qc5 14. dxc6 bxc6 15. Qa4 Rb8 16. Nd5 Bd7 17. Nc7+ 1-0

[Event "Nevinnomyssk"]
[Site "Nevinnomyssk"]
[Date "2012.08.19"]
[Round "5"]
[White "Novikova, Ksenia"]
[Black "Grigoryan, Artur"]
[Result "1/2-1/2"]
[WhiteElo "1984"]
[BlackElo "2364"]
[PlyCount "55"]
[EventDate "2012.08.15"]
[EventType "tourn"]
[EventRounds "9"]
[EventCountry "RUS"]
[SourceTitle "CBM 150 Extra"]
[Source "ChessBase"]
[SourceDate "2012.10.19"]
[SourceVersion "1"]
[SourceVersionDate "2012.10.19"]
[SourceQuality "1"]

1. d4 Nf6 2. c4 g6 3. Nc3 Bg7 4. e4 d6 5. f3 0-0 6. Be3 b6 7. Qd2 Bb7 8. Nge2 c5 9. 0-0-0 Nc6 10. d5 Ne5 11. Ng3 a6 12. f4 Ned7 13. Bd3 Ne8 14. Rhf1 e6 15. f5 exd5 16. exd5 Ne5 17. fxg6 hxg6 18. Bg5 Qd7 19. Nge4 f5 20. Ng3 Nxd3+ 21. Qxd3 b5 22. cxb5 axb5 23. Qxb5 Qxb5 24. Nxb5 Ba6 25. a4 Bxb5 26. axb5 Rb8 27. Kc2 Rxb5 28. b3 1/2-1/2

[Event "Nevinnomyssk"]
[Site "Nevinnomyssk"]
[Date "2012.08.17"]
[Round "3"]
[White "Kozolup, Vadim"]
[Black "Grigoryan, Artur"]
[Result "0-1"]
[WhiteElo "2083"]
[BlackElo "2364"]
[PlyCount "68"]
[EventDate "2012.08.15"]
[EventType "tourn"]
[EventRounds "9"]
[EventCountry "RUS"]
[SourceTitle "CBM 150 Extra"]
[Source "ChessBase"]
[SourceDate "2012.10.19"]
[SourceVersion "1"]
[SourceVersionDate "2012.10.19"]
[SourceQuality "1"]

1. e4 e5 2. f4 exf4 3. Bc4 Qh4+ 4. Ke2 Nf6 5. Nc3 Qg4+ 6. Kf1 Qxd1+ 7. Nxd1 Nxe4 8. d3 Nd6 9. Bxf4 Nxc4 10. dxc4 d6 11. Nf3 Be6 12. Ne3 Nc6 13. Rd1 0-0-0 14. Nd5 Bf5 15. Rd2 g6 16. Bg5 Re8 17. Kf2 Bg7 18. Bf6 Bxf6 19. Nxf6 Re6 20. Nd5 h6 21. b3 Rhe8 22. Nf4 Re4 23. Nd5 Ne5 24. Nxe5 R4xe5 25. h3 g5 26. g4 Bg6 27. Rf1 f5 28. c5 dxc5 29. Nf6 Rd8 30. Rxd8+ Kxd8 31. Rd1+ Kc8 32. Nd7 Re7 33. Nxc5 fxg4 34. hxg4 Bxc2 0-1

[Event "Nevinnomyssk"]
[Site "Nevinnomyssk"]
[Date "2012.08.16"]
[Round "2"]
[White "Grigoryan, Artur"]
[Black "Lyskovich, Daniil"]
[Result "1-0"]
[WhiteElo "2364"]
[BlackElo "1916"]
[PlyCount "47"]
[EventDate "2012.08.15"]
[EventType "tourn"]
[EventRounds "9"]
[EventCountry "RUS"]
[SourceTitle "CBM 150 Extra"]
[Source "ChessBase"]
[SourceDate "2012.10.19"]
[SourceVersion "1"]
[SourceVersionDate "2012.10.19"]
[SourceQuality "1"]

1. e4 c5 2. Nf3 e6 3. d4 cxd4 4. Nxd4 a6 5. Bd3 Qc7 6. 0-0 Nf6 7. Nc3 Be7 8. Be3 b5 9. f4 d6 10. a3 Bb7 11. Qf3 Nbd7 12. g4 Nc5 13. g5 Nfd7 14. Rae1 Nxd3 15. cxd3 Nc5 16. Qe2 Rd8 17. Rc1 Qb8 18. b4 Nd7 19. Qh5 g6 20. Qh3 0-0 21. f5 exf5 22. exf5 d5 23. f6 Rfe8 24. fxe7 1-0

[Event "Nevinnomyssk"]
[Site "Nevinnomyssk"]
[Date "2012.08.15"]
[Round "1"]
[White "Mkrtoumian, Ashort"]
[Black "Grigoryan, Artur"]
[Result "0-1"]
[WhiteElo "1940"]
[BlackElo "2364"]
[PlyCount "94"]
[EventDate "2012.08.15"]
[EventType "tourn"]
[EventRounds "9"]
[EventCountry "RUS"]
[SourceTitle "CBM 150 Extra"]
[Source "ChessBase"]
[SourceDate "2012.10.19"]
[SourceVersion "1"]
[SourceVersionDate "2012.10.19"]
[SourceQuality "1"]

1. c4 b6 2. d4 Nf6 3. Nc3 d5 4. Bg5 Ne4 5. Bf4 Nxc3 6. bxc3 e6 7. cxd5 exd5 8. e3 Bd6 9. Bxd6 Qxd6 10. Nf3 Bg4 11. Be2 Nd7 12. 0-0 0-0 13. Rc1 c5 14. dxc5 Nxc5 15. c4 Rfd8 16. cxd5 Qxd5 17. Qxd5 Rxd5 18. Rfd1 Rad8 19. h3 Rxd1+ 20. Rxd1 Rxd1+ 21. Bxd1 Be6 22. a3 Kf8 23. Kf1 Bc4+ 24. Be2 Bxe2+ 25. Kxe2 Ke7 26. Nd4 a6 27. f3 g6 28. Kd2 Ne6 29. Nb3 Kd6 30. Kc3 Ng7 31. g4 Ne6 32. h4 h6 33. Nd4 Nxd4 34. Kxd4 b5 35. f4 a5 36. e4 f6 37. g5 hxg5 38. hxg5 fxg5 39. fxg5 b4 40. axb4 axb4 41. Kc4 Ke5 42. Kxb4 Kxe4 43. Kc4 Kf5 44. Kd4 Kxg5 45. Ke3 Kg4 46. Kf2 Kh3 47. Kg1 Kg3 0-1

[Event "Nevinnomyssk-ch"]
[Site "Nevinnomyssk"]
[Date "2011.12.20"]
[Round "4"]
[White "Grigoryan, Artur"]
[Black "Kozolup, Vadim"]
[Result "1/2-1/2"]
[WhiteElo "2366"]
[BlackElo "2096"]
[PlyCount "43"]
[EventDate "2011.12.18"]
[EventType "tourn"]
[EventRounds "13"]
[EventCountry "RUS"]
[SourceTitle "CBM 146 Extra"]
[Source "ChessBase"]
[SourceDate "2012.02.29"]
[SourceVersion "1"]
[SourceVersionDate "2012.02.29"]
[SourceQuality "1"]

1. e4 c5 2. Nf3 Nc6 3. d4 cxd4 4. Nxd4 e6 5. Nc3 a6 6. Be3 Nf6 7. Be2 Bb4 8. f3 Qc7 9. 0-0 0-0 10. Na4 Bd6 11. h3 b5 12. Nxc6 Qxc6 13. Nc3 Bb7 14. Bd3 Be5 15. Qe1 d5 16. exd5 exd5 17. Qh4 g6 18. Bd4 Nd7 19. Rfe1 Rae8 20. Rad1 Qd6 21. Bxe5 Nxe5 22. Qd4 1/2-1/2

[Event "Elista Dordzhiev Memorial"]
[Site "Elista"]
[Date "2011.04.27"]
[Round "2"]
[White "Erendzhenov, Stanislav"]
[Black "Grigoryan, Artur"]
[Result "1/2-1/2"]
[WhiteElo "2279"]
[BlackElo "2388"]
[PlyCount "43"]
[EventDate "2011.04.24"]
[EventType "tourn"]
[EventRounds "9"]
[EventCountry "RUS"]
[EventCategory "7"]
[SourceTitle "EXT 2012"]
[Source "ChessBase"]
[SourceDate "2011.11.24"]
[SourceVersion "1"]
[SourceVersionDate "2011.11.24"]
[SourceQuality "1"]

1. d4 Nf6 2. Nf3 g6 3. g3 Bg7 4. Bg2 0-0 5. 0-0 d6 6. Re1 c6 7. e4 Qc7 8. Nbd2 e5 9. c3 Nbd7 10. b3 d5 11. dxe5 Nxe4 12. Nxe4 dxe4 13. Rxe4 Nxe5 14. Bf4 Nxf3+ 15. Qxf3 Qa5 16. b4 Qa3 17. Be5 Bxe5 18. Rxe5 Qb2 19. Ree1 Be6 20. Reb1 Qc2 21. Rc1 Qb2 22. Rcb1 1/2-1/2